| 000 | 02279nam0a22004571 4500 | ||
|---|---|---|---|
| 001 | RU\NLR\Evr\1722 | ||
| 005 | 20260406110908.0 | ||
| 035 | _a(NLR Aleph) 011418114 | ||
| 090 |
_a11593893 _c11593893 |
||
| 100 | _a20070316d1937 u y0rusy50 ca | ||
| 101 | 1 | _ayid | |
| 102 | _aRU | ||
| 105 | _aa ||||||||| | ||
| 200 | 1 |
_6a01 _7ba _aFizishe geografie _eLernbukh farn finftn klas fun der mitlshul _fA.S. Barkov un A.A. Polovinkin _gIbergezetst - N. Levin |
|
| 205 |
_6a01 _aDrite uflage _7ba |
||
| 205 |
_6a01 _aדריטע אופלאגע |
||
| 210 |
_6a01 _aMoskve _cEmes _d1937 _7ba |
||
| 210 |
_6a01 _9z02 _aמאָסקווע _cעמעס _d1937 |
||
| 210 |
_9z02 _aМосква _cЭмес _d1937 _7ca |
||
| 215 |
_a164 с. _cИл. _d22 см. |
||
| 320 | _aСловарик важнейших терминов: С. 161-162. | ||
| 510 | 1 |
_6a01 _aפיזישע געאָגראפיע _eלערנבוכ פארנ פינפטנ קלאס פונ דער מיטלשול _fא.ס. בארקאָוו אונ א.א. פּאָלאָווינקינ _gאיבערגעזעצט - נ. לעווינ |
|
| 541 | 1 |
_aФизическая география _eУчебник для пятого класса средней школы _zrus |
|
| 700 | 1 |
_6a01 _aБарков _bА.С. _f1873-1953 _gАлександр Сергеевич _3RU\NLR\AUTH\7951264 _4070 _7ca |
|
| 701 | 1 |
_4070 _8rus _7ca _aПоловинкин _bА. А. _cд-р геогр. наук _f1887-1955 _gАлександр Александрович _3RU\NLR\AUTH\77113672 _996597 |
|
| 701 | 1 |
_4070 _7ba _8rus _aPolovinkin _bA. A. _cд-р геогр. наук _f1887-1955 _gAleksandr Aleksandrovič _3RU\NLR\AUTH\770278694 _92650661 |
|
| 701 | 1 |
_6a01 _aפּאָלאָווינקינ _b.א.א _4070 |
|
| 702 | 1 |
_4730 _7ca _8rus _aЛевин _bН. Я. _cпублицист _f1904-1950 _gНаум Яковлевич _9255624 _3RU\NLR\AUTH\770255680 |
|
| 702 | 1 |
_6a01 _aLevin _bN. _4730 _7ba |
|
| 702 | 1 |
_6a01 _aלעווין _b.נ _4730 |
|
| 790 | 1 |
_6a01 _aBarkov _bA.S. _4070 _7ba |
|
| 790 | 1 |
_6a01 _aבארקאָוו _b.א.ס _4070 |
|
| 801 | 0 |
_aRU _bNLR _c20070316 _gpsbo |
|
| 801 | 0 |
_aRU _bNLR _gPSBO |
|
| 801 | 1 |
_aRU _bNLR _c20070316 _2rusmarc |
|
| 801 | 2 |
_aRU _bNLR _c20081113 _2rusmarc |
|
| 852 |
_aNLR _bОЛСАА/идиш _j3-1907 |
||
| 942 | _cBOOK | ||
| 980 | _aNB | ||
| 980 | 1 | _aIDISH | |